000 00337nam a2200157Ia 4500
100 _aKoontz/Harold
250 _a7
942 _cBK
366 _f20
654 _amanagement
245 _aEssentials Of Management
260 _bTata Mc Graw hill Ltd.
_aNew Delhi
_c2007
082 _a658/KOO
_bKOO
546 _aENGLISH
999 _c24624
_d24624